000 00423nam a2200169Ia 4500
005 20240823043208.0
008 240823s9999||||xx |||||||||||||| ||und||
041 _aENGLISH
082 _A519
100 _aSingaravelu A.
245 0 _aEngineering Mathematics IV
250 _a1st
260 _b"Meenakshi Agency,Ch"
_aChennai
500 _aTRANSFERED
650 _aEngineering Mathematics
_bMathematics
942 _cBK
999 _c209658
_d209658